ՀՀ Գիտությունների ազգային ակադեմիայի հիմնարար գիտական գրադարան  =   Fundamental Scientific Library of NAS RA

The American language : (Record no. 216224)

MARC details
000 -LEADER
fixed length control field 00736cam a22002291 4500
001 - CONTROL NUMBER
control field 000625832
003 - CONTROL NUMBER IDENTIFIER
control field AM-YeHGA
005 - DATE AND TIME OF LATEST TRANSACTION
control field 20250617140234.0
008 - FIXED-LENGTH DATA ELEMENTS--GENERAL INFORMATION
fixed length control field 720601s1937 nyu 000 0 eng d
040 ## - CATALOGING SOURCE
Original cataloging agency AM-YeHGA
041 0# - LANGUAGE CODE
Language code of text/sound track or separate title eng
090 ## - LOCALLY ASSIGNED LC-TYPE CALL NUMBER (OCLC); LOCAL CALL NUMBER (RLIN)
-- 217747
100 1# - MAIN ENTRY--PERSONAL NAME
Personal name Mencken, H. L.
Miscellaneous information (Henry Louis),
Dates associated with a name 1880-1956
245 14 - TITLE STATEMENT
Title The American language :
Remainder of title An inquiry into the development of English in the United States /
Statement of responsibility, etc. By H. L. Mencken.
250 ## - EDITION STATEMENT
Edition statement 4th ed., cor., enl., and rewritten
260 ## - PUBLICATION, DISTRIBUTION, ETC.
Place of publication, distribution, etc. New York :
Name of publisher, distributor, etc. A.A. Knopf,
Date of publication, distribution, etc. 1937.
300 ## - PHYSICAL DESCRIPTION
Extent xi, 769 p., xxix ;
Dimensions 25 cm.
650 #0 - SUBJECT ADDED ENTRY--TOPICAL TERM
Topical term or geographic name entry element English language
Geographic subdivision United States
650 #0 - SUBJECT ADDED ENTRY--TOPICAL TERM
Topical term or geographic name entry element Americanisms
650 #0 - SUBJECT ADDED ENTRY--TOPICAL TERM
Topical term or geographic name entry element Names
Geographic subdivision United States
650 #0 - SUBJECT ADDED ENTRY--TOPICAL TERM
Topical term or geographic name entry element Names, Personal
Geographic subdivision United States
Holdings
Withdrawn status Lost status Source of classification or shelving scheme Damaged status Not for loan Collection Home library Current library Date acquired Total checkouts Full call number Barcode Date last seen Price effective from Koha item type Public note
    Universal Decimal Classification     Terzian Individual Collection Fundamental Scientific Library Fundamental Scientific Library 29/12/2016   Terz/ 402 FL0091320 29/12/2016 29/12/2016 Գրքեր / Books ILL Non-Circ.


ՀՀ ԳԱԱ հիմնարար գիտական գրադարան
ՀՀ,Երևան 0019
Մարշալ Բաղրամյան 24/6
հեռախոս:(374-10) 52-47-50
Հետադարձ կապ

All site content, except where otherwise noted, is licensed under a
Creative Commons License